| 000 | 00531nam a22001697a 4500 | ||
|---|---|---|---|
| 003 | SGT | ||
| 020 | _a9789385795664 | ||
| 082 | _a512,TYA | ||
| 100 | _aTYAGI,U.R | ||
| 245 | _aALGEBRA | ||
| 250 | _a1ST | ||
| 260 |
_aMEERUT _bPRAGTI PRAKASHAN _c2016 |
||
| 300 | _a280 | ||
| 650 | _aMATHEMATICS, ALGEBRA | ||
| 653 | _aMATRICES, SYMMETRIC,SKEW-SYMMETRIC, HERMITIAN & SKEW-HERMITIAN MATRICES, RANL OF MATRIX, ORTHOGONAL AND UNITARY MATRICES, SOLUTION OF A SYSTEM OF LINEAR EQUATIONS, BILINEAR AND QUADRATIC FORMS | ||
| 942 |
_2ddc _cFPS |
||
| 999 |
_c9997 _d9997 |
||